Globalización, ciudadanía y política social en América Latina: tensiones y contradicciones /

Đã lưu trong:
Chi tiết về thư mục
Tác giả chính: Pérez Baltodano
Tác giả khác: ed
Định dạng: Không biết
Được phát hành: Caracas: Nueva Sociedad
Những chủ đề:
Các nhãn: Thêm thẻ
Không có thẻ, Là người đầu tiên thẻ bản ghi này!

MARC

LEADER 00000 a2200000 04500
001 31396
003
008 991231s d
040
020 |a 980-317-129-1  
022 |a 980-317-129-1  
090 |a 198305  
100 |a Pérez Baltodano  
245 |a Globalización, ciudadanía y política social en América Latina: tensiones y contradicciones /  |c Pérez Baltodano  
260 |a Caracas:   |b Nueva Sociedad  
300 |a 224 p.  
650 |a POBLACION INDIGENA  
650 |a POBREZA  
650 |a GLOBALIZACION  
650 |a ECUADOR  
700 |a ed  
999 |c 7866  |d 7866